000 00653nam a2200253Ia 4500
001 5209
005 20240113233822.0
007 ta
008 050618s1961 a g b000 u eng u
020 _cPB
040 _aCotton College Assam
041 _aeng
082 _a589.953
_bT 348 L
100 _aThimann, Kenneth V. .
245 0 _aThe Life of Bacteria /
_cKenneth V. Thimann.
_hTextual Documents
250 _a1st ed /
260 _aNew York :
_bMacmillan Co ,
_c1961.
300 _axviii, 575p. :
_bill ;
_c23cm. .
504 _aIndex
653 _aBotany- Bacteria
942 _2ddc
_cBK
999 _c5196
_d5196